UITU Library & LRC     

Mechanics of Solids and Fluids (Record no. 3854)

MARC details
000 -LEADER
fixed length control field 00459nam a2200181Ia 4500
008 - FIXED-LENGTH DATA ELEMENTS--GENERAL INFORMATION
fixed length control field 240925s9999 xx 000 0 und d
020 ## - INTERNATIONAL STANDARD BOOK NUMBER
International Standard Book Number NA
082 ## - DEWEY DECIMAL CLASSIFICATION NUMBER
Classification number 531.2 LON
100 ## - MAIN ENTRY--PERSONAL NAME
Personal name Long ,Robert R.
245 #0 - TITLE STATEMENT
Title Mechanics of Solids and Fluids
250 ## - EDITION STATEMENT
Edition statement NA
260 ## - PUBLICATION, DISTRIBUTION, ETC.
Place of publication, distribution, etc. London:
Name of publisher, distributor, etc. Prentice, Hall
Date of publication, distribution, etc. ,1963.
300 ## - PHYSICAL DESCRIPTION
Extent xiv,525p.
Other physical details NA
Type of unit Original
500 ## - GENERAL NOTE
General note Include Appendix
600 ## - SUBJECT ADDED ENTRY--PERSONAL NAME
Personal name Humanities & Natural Science
650 ## - SUBJECT ADDED ENTRY--TOPICAL TERM
Topical term or geographic name entry element Physics
942 ## - ADDED ENTRY ELEMENTS (KOHA)
Koha item type Books
Holdings
Withdrawn status Lost status Damaged status Not for loan Collection Home library Current library Date acquired Source of acquisition Total checkouts Full call number Barcode Date last seen Price effective from Koha item type
        Humanities & Basic Sciences UITU Library UITU Library 11/28/1997 UIT Fruit Canada   531.2 LON Q1355 09/25/2024 09/25/2024 Books

Powered by Koha